000
00219nam a22000857a 4500
008
170301b xxu||||| |||| 00| 0 eng d
100
_9
2979
_a
Gulland .M
245
_a
Dictionary Of English Idions
260
_a
USA
_b
Penguin
_c
2000
999
_c
6223
_d
6223